| 000 | 00995 a2200229 4500 | ||
|---|---|---|---|
| 020 | _a0763727431 | ||
| 040 |
_aDLC _bDLC |
||
| 082 | 0 | 0 | _a371.90446 |
| 100 | 1 | _aHaynes, William O. | |
| 245 | 1 | 0 |
_aCommunication disorders in the classroom : an introduction for professionals in school settings _ban introduction for professionals in school settings _cWilliam O. Haynes, Michael J. Moran, Rebekah Pindzola. |
| 250 | _a4th ed. | ||
| 260 |
_aSudbury, Mass. : _bJones and Bartlett Publishers, _cc2006. |
||
| 300 |
_axi, 411 p. : _bill. ; _c23 cm. |
||
| 650 | 0 |
_aChildren with disabilities _xEducation _zUnited States. |
|
| 650 | 0 |
_aLanguage arts _xRemedial teaching _zUnited States. |
|
| 650 | 0 |
_aSpeech disorders in children _zUnited States. |
|
| 650 | 0 |
_aCommunicative disorders in children _zUnited States. |
|
| 700 | 1 | _aMoran, Michael J., | |
| 700 | 1 | _aPindzola, Rebekah H. | |
| 856 | 4 | 1 |
_3Table of contents _uhttp://www.loc.gov/catdir/toc/ecip0511/2005011485.html |
| 942 |
_cBK _k371.90446 HAY _2ddc |
||
| 999 |
_c7342 _d7342 |
||